[Event "2.Open B Città di Padova Elo <1900"]
[Site "Padova Caffè Pedrocchi"]
[Date "1999.12.12"]
[Round "3.1"]
[White "Lain, Luigi"]
[Black "Carini, Massimo"]
[Result "0-1"]
[WhiteElo "1717"]
[BlackElo "1890"]
[Annotator "Gabriele Ballarin"]
[PlyCount "92"]
[EventDate "1999.12.11"]
[EventType "swiss"]
[EventRounds "6"]
[EventCountry "ITA"]
[SourceTitle "Ballarin Gabriele"]
[Source "Ballarin Gabrie"]
[SourceDate "2001.01.01"]
[SourceVersion "1"]
[SourceVersionDate "2001.01.01"]
[SourceQuality "1"]

1. d4 d5 2. c4 e6 3. Nc3 c6 4. Bf4 dxc4 5. e3 b5 6. a4 Bb4 7. Nf3 Nd7 8. Be2 Bb7 9. O-O a6 10. Qc2 Ngf6 11. Ne5 Nxe5 12. Bxe5 Bd6 13. Rfd1 Qc7 14. Bxd6 Qxd6 15. Bf3 O-O 16. axb5 axb5 17. Nxb5 cxb5 18. Bxb7 Rxa1 19. Rxa1 Ng4 20. g3 e5 21. dxe5 Qh6 22. h4 Nxe5 23. b3 Qf6 24. Rc1 Nd3 25. Rd1 Qb2 26. Qxb2 Nxb2 27. Rb1 c3 28. b4 Nd3 29. Be4 c2 30. Bxd3 cxb1=Q+ 31. Bxb1 Rd8 32. Kg2 Rd2 33. Kf3 Rb2 34. Bd3 Rxb4 35. Ke2 h6 36. Kd2 Rb2+ 37. Bc2 b4 38. Kc1 Ra2 39. Kb1 b3 40. Bxb3 Rxf2 41. g4 Rf3 42. h5 Rxe3 43. Bd1 f5 44. gxf5 Re1 45. Kc2 Rxd1 46. Kxd1 Kf7 0-1

[Event "2.Open B Città di Padova Elo <1900"]
[Site "Padova Caffè Pedrocchi"]
[Date "1999.12.12"]
[Round "3.2"]
[White "Boscolo, Fabio"]
[Black "Zanirato, Stefano"]
[Result "1-0"]
[WhiteElo "1873"]
[BlackElo "1722"]
[Annotator "Gabriele Ballarin"]
[PlyCount "55"]
[EventDate "1999.12.11"]
[EventType "swiss"]
[EventRounds "6"]
[EventCountry "ITA"]
[SourceTitle "Ballarin Gabriele"]
[Source "Ballarin Gabrie"]
[SourceDate "2001.01.01"]
[SourceVersion "1"]
[SourceVersionDate "2001.01.01"]
[SourceQuality "1"]

1. d4 d5 2. c4 e6 3. Nf3 Nc6 4. Nc3 Be7 5. Bf4 g5 6. Bg3 g4 7. Ne5 Nxe5 8. Bxe5 f6 9. Bf4 a6 10. e3 f5 11. h3 Nf6 12. Be5 h5 13. hxg4 fxg4 14. Be2 Rg8 15. Bxf6 Bxf6 16. Rxh5 g3 17. f4 c6 18. Rh7 Qb6 19. Qc2 Bxd4 20. exd4 Qxd4 21. Bh5+ Kd8 22. Ne2 Qf2+ 23. Kd2 Qxg2 24. Qc3 Bd7 25. Qf6+ Kc7 26. Qe5+ Kc8 27. Qd6 Rd8 28. Be8 1-0

[Event "2.Open B Città di Padova Elo <1900"]
[Site "Padova Caffè Pedrocchi"]
[Date "1999.12.12"]
[Round "3.3"]
[White "Negra, Massimiliano"]
[Black "Castellano, Alfonso"]
[Result "0-1"]
[WhiteElo "1857"]
[BlackElo "1716"]
[Annotator "Gabriele Ballarin"]
[PlyCount "68"]
[EventDate "1999.12.11"]
[EventType "swiss"]
[EventRounds "6"]
[EventCountry "ITA"]
[SourceTitle "Ballarin Gabriele"]
[Source "Ballarin Gabrie"]
[SourceDate "2001.01.01"]
[SourceVersion "1"]
[SourceVersionDate "2001.01.01"]
[SourceQuality "1"]

1. d4 Nf6 2. c4 g6 3. Nc3 Bg7 4. Nf3 d6 5. Bg5 O-O 6. h3 Nbd7 7. e3 e5 8. d5 h6 9. Bh4 g5 10. Bg3 a5 11. Be2 Nc5 12. O-O Ne8 13. e4 f5 14. exf5 Bxf5 15. a3 a4 16. Nd2 e4 17. Rc1 Nf6 18. b4 axb3 19. Nxb3 Rxa3 20. Nxc5 dxc5 21. Nb5 Ra2 22. Bxc7 Qd7 23. Bd6 Rc8 24. Bg3 e3 25. Nd6 Rca8 26. fxe3 Bxh3 27. gxh3 Qxh3 28. Nf5 Ne4 29. Qe1 Rb2 30. Ne7+ Kh7 31. Bh2 Be5 32. Bg3 Bxg3 33. Rf7+ Kh8 34. Bf3 Qh2+ 0-1

[Event "2.Open B Città di Padova Elo <1900"]
[Site "Padova Caffè Pedrocchi"]
[Date "1999.12.12"]
[Round "3.4"]
[White "Ferrari, Mario"]
[Black "Avenali, Giuseppe"]
[Result "0-1"]
[WhiteElo "1698"]
[BlackElo "1855"]
[Annotator "Gabriele Ballarin"]
[PlyCount "72"]
[EventDate "1999.12.11"]
[EventType "swiss"]
[EventRounds "6"]
[EventCountry "ITA"]
[SourceTitle "Ballarin Gabriele"]
[Source "Ballarin Gabrie"]
[SourceDate "2001.01.01"]
[SourceVersion "1"]
[SourceVersionDate "2001.01.01"]
[SourceQuality "1"]

1. e4 c6 2. d4 d5 3. exd5 cxd5 4. c4 Nf6 5. c5 e5 6. Nc3 exd4 7. Qxd4 Nc6 8. Bb5 Be7 9. b4 O-O 10. Bxc6 bxc6 11. Nf3 Ba6 12. a4 Re8 13. Be3 Qc7 14. b5 cxb5 15. axb5 Bxc5 16. Qd3 Bxe3 17. fxe3 d4 18. O-O dxc3 19. Rxa6 Rad8 20. Qc2 Rxe3 21. Rc6 Qb8 22. Ng5 Qxb5 23. Rcxf6 Qxg5 24. Rxf7 Qc5 25. Kh1 Red3 26. Qb3 Qd5 27. Qb1 Rd2 28. R7f3 c2 29. Qb4 h6 30. Qc3 Qb5 31. Rf7 Qg5 32. g3 Qd5+ 33. R7f3 Rd3 34. Qxd3 Qxd3 35. Rxd3 Rxd3 36. Kg2 Rd1 0-1

[Event "2.Open B Città di Padova Elo <1900"]
[Site "Padova Caffè Pedrocchi"]
[Date "1999.12.12"]
[Round "3.5"]
[White "Guastadini, Paolo"]
[Black "Maccapan, Fabio"]
[Result "0-1"]
[WhiteElo "1648"]
[BlackElo "1834"]
[Annotator "Gabriele Ballarin"]
[PlyCount "113"]
[EventDate "1999.12.11"]
[EventType "swiss"]
[EventRounds "6"]
[EventCountry "ITA"]
[SourceTitle "Ballarin Gabriele"]
[Source "Ballarin Gabrie"]
[SourceDate "2001.01.01"]
[SourceVersion "1"]
[SourceVersionDate "2001.01.01"]
[SourceQuality "1"]

{[%evp 0,105,18,8,61,66,70,39,45,40,89,45,40,43,38,24,28,24,38,41,46,41,34,55,48,27,41,15,14,14,29,17,32,11,27,-13,48,42,43,39,57,72,142,154,159,156,157,157,159,125,125,125,123,101,135,138,134,130,118,120,120,123,130,131,156,151,146,170,197,81,79,79,201,196,222,95,215,222,210,121,95,86,137,170,184,167,170,174,169,185,195,141,158,128,128,0,0,0,59,-267,-278,-263,-412,-412,-705,-717,-739,-739]} 1. e4 c6 2. d4 d6 3. c4 Nf6 4. Nc3 g6 5. f3 Bg7 6. Be3 O-O 7. Qd2 Nbd7 8. Nh3 e5 9. d5 cxd5 10. cxd5 a6 11. Be2 b5 12. a4 b4 13. Na2 a5 14. O-O Nc5 15. Bxc5 dxc5 16. Nf2 Ba6 17. b3 Bxe2 18. Qxe2 Bh6 19. Nc1 Qd6 20. Ncd3 Rfc8 21. Nb2 Qa6 22. Qxa6 Rxa6 23. Nc4 Nd7 24. Ng4 Bg7 25. Nge3 Bh6 26. Kf2 Bxe3+ 27. Kxe3 f6 28. g4 Nb6 29. Rac1 Kf8 30. Kd3 Nxc4 31. Kxc4 Rb6 32. Rc2 Ke7 33. f4 Kd6 34. f5 g5 35. h4 Rg8 36. Rh2 Rb7 37. Rfh1 Rbg7 38. hxg5 Rxg5 39. Rxh7 Rxg4 40. R1h4 Rxh4 41. Rxh4 Rg3 42. Rh6 Rc3+ 43. Kb5 Rxb3 44. Rxf6+ Kd7 45. Kxc5 Rc3+ 46. Kb5 b3 47. Kxa5 Rc5+ 48. Ka6 Rc4 49. a5 Rb4 50. Rh6 b2 51. Rh1 b1=Q 52. Rxb1 Rxb1 53. f6 Rb4 54. Ka7 Rxe4 55. Kb6 Rf4 56. a6 Rxf6+ 57. Kb7 0-1

[Event "2.Open B Città di Padova Elo <1900"]
[Site "Padova Caffè Pedrocchi"]
[Date "1999.12.12"]
[Round "3.6"]
[White "Di Cataldo, Cesare"]
[Black "Gamberini, Davide"]
[Result "1/2-1/2"]
[WhiteElo "1803"]
[BlackElo "1714"]
[Annotator "Gabriele Ballarin"]
[PlyCount "64"]
[EventDate "1999.12.11"]
[EventType "swiss"]
[EventRounds "6"]
[EventCountry "ITA"]
[SourceTitle "Ballarin Gabriele"]
[Source "Ballarin Gabrie"]
[SourceDate "2001.01.01"]
[SourceVersion "1"]
[SourceVersionDate "2001.01.01"]
[SourceQuality "1"]

1. d4 f5 2. c4 Nf6 3. Nc3 g6 4. Nf3 Bg7 5. Bg5 O-O 6. Bxf6 Bxf6 7. e3 d6 8. Be2 c6 9. O-O Na6 10. Rb1 e5 11. b4 e4 12. Ne1 Nc7 13. Rc1 Be6 14. b5 cxb5 15. cxb5 Rc8 16. Nc2 Nd5 17. Nxd5 Bxd5 18. Nb4 Be6 19. Rxc8 Qxc8 20. Qc1 Qxc1 21. Rxc1 Rc8 22. Rxc8+ Bxc8 23. Bc4+ Kf8 24. Bd5 Bd8 25. Kf1 Bd7 26. Bc4 Be8 27. f3 exf3 28. gxf3 Bg5 29. Nd5 Bf7 30. Ke2 Bxd5 31. Bxd5 b6 32. Kd3 Ke7 1/2-1/2

[Event "2.Open B Città di Padova Elo <1900"]
[Site "Padova Caffè Pedrocchi"]
[Date "1999.12.12"]
[Round "3.7"]
[White "Rotoni, Matteo"]
[Black "Capata, Ion"]
[Result "1/2-1/2"]
[WhiteElo "1732"]
[BlackElo "1666"]
[Annotator "Gabriele Ballarin"]
[PlyCount "159"]
[EventDate "1999.12.11"]
[EventType "swiss"]
[EventRounds "6"]
[EventCountry "ITA"]
[SourceTitle "Ballarin Gabriele"]
[Source "Ballarin Gabrie"]
[SourceDate "2001.01.01"]
[SourceVersion "1"]
[SourceVersionDate "2001.01.01"]
[SourceQuality "1"]

{[%evp 0,153,18,8,8,27,65,39,39,38,49,39,52,3,17,13,23,5,18,25,42,29,51,50,56,68,72,62,74,39,66,63,63,55,61,51,51,41,68,26,2,42,83,92,93,105,101,72,119,98,83,93,106,73,104,103,98,94,105,108,121,117,156,147,147,141,136,80,105,74,60,41,8,7,0,0,0,9,42,-59,20,-14,-16,-8,15,-1,0,-52,-51,-55,-48,-62,-69,-93,-97,-97,-97,-77,-53,-12,-12,-9,-11,-127,-11,-7,-5,-7,-23,-24,-1,-1,-2,-1,0,-2,-2,-5,-5,-6,-6,-7,-6,-6,-6,-14,-14,-15,-13,-13,-13,-13,-13,-13,-13,-14,-14,-24,-24,-24,-24,-24,-24,-24,-24,-24,-4,-24,-4,-3,-3,-3,-2,-2,-1,-2]} 1. e4 e5 2. Nf3 Nf6 3. Nxe5 Qe7 4. d4 d6 5. Nf3 Qxe4+ 6. Qe2 Qxe2+ 7. Bxe2 Be7 8. O-O O-O 9. c4 h6 10. Nc3 Nc6 11. d5 Nb4 12. Nd4 c5 13. dxc6 Nxc6 14. Ndb5 a6 15. Nc7 Rb8 16. N7d5 Nxd5 17. Nxd5 Re8 18. Be3 Be6 19. Rfd1 Bxd5 20. Rxd5 Nb4 21. Rd2 Bg5 22. Bxg5 hxg5 23. Bf3 Re6 24. h3 Nc6 25. Rad1 Ne5 26. Bd5 Rf6 27. a4 b6 28. b3 a5 29. Be4 Rd8 30. Rd5 Ng6 31. Rxg5 Nf4 32. Kf1 Re8 33. Bd5 Re2 34. f3 Rb2 35. Re1 Rxb3 36. Re8+ Kh7 37. Be4+ g6 38. g3 Nd3 39. f4 Kg7 40. Bxd3 Rxd3 41. Rb8 Ra3 42. Rxb6 Rxa4 43. c5 dxc5 44. Rxf6 Kxf6 45. Rxc5 Ra1+ 46. Kg2 a4 47. g4 a3 48. Ra5 a2 49. h4 Ke6 50. h5 gxh5 51. gxh5 Kf6 52. Kh2 Kg7 53. Kg2 Kh6 54. Kh2 Rf1 55. Rxa2 Rxf4 56. Kg3 Rf5 57. Kg4 Rg5+ 58. Kf4 Rxh5 59. Ra6+ Kg7 60. Kg4 Rb5 61. Kf4 f6 62. Kg4 Kg6 63. Ra4 Rb1 64. Rc4 Rg1+ 65. Kf4 Rh1 66. Kg4 f5+ 67. Kf3 Kg5 68. Rc8 Rh3+ 69. Kg2 Ra3 70. Kf2 Kg4 71. Rg8+ Kf4 72. Rc8 Ra2+ 73. Kf1 Kg4 74. Rc3 f4 75. Rb3 f3 76. Rb8 Ra5 77. Kf2 Ra2+ 78. Kf1 Ra1+ 79. Kf2 Ra2+ 80. Kf1 1/2-1/2

[Event "2.Open B Città di Padova Elo <1900"]
[Site "Padova Caffè Pedrocchi"]
[Date "1999.12.12"]
[Round "3.8"]
[White "Gubellini, Luciano"]
[Black "Battagin, Mosè"]
[Result "0-1"]
[WhiteElo "1600"]
[BlackElo "1840"]
[Annotator "Gabriele Ballarin"]
[PlyCount "105"]
[EventDate "1999.12.11"]
[EventType "swiss"]
[EventRounds "6"]
[EventCountry "ITA"]
[SourceTitle "Ballarin Gabriele"]
[Source "Ballarin Gabrie"]
[SourceDate "2001.01.01"]
[SourceVersion "1"]
[SourceVersionDate "2001.01.01"]
[SourceQuality "1"]

{[%evp 0,105,18,18,18,18,44,38,51,14,63,36,25,10,18,-9,-27,-27,-31,-34,-37,-19,0,-35,-40,-113,-121,-124,-114,-129,-127,-130,-132,-135,-160,-161,-131,-146,-132,-127,-107,-129,-77,-73,-70,-67,-49,-48,-44,-77,-74,-63,-63,-178,-177,-189,-158,-145,-112,-152,-160,-153,0,0,0,-26,103,116,373,127,108,125,195,188,207,168,227,213,248,146,160,0,40,31,75,68,75,75,147,3,0,0,0,0,0,0,68,0,0,-113,0,-177,-199,-199,-199,-452,-386,-1193]} 1. d4 Nf6 2. Nf3 c5 3. d5 d6 4. Bg5 g6 5. Bxf6 exf6 6. e4 Bg7 7. Bd3 O-O 8. Nbd2 f5 9. O-O fxe4 10. Nxe4 Bxb2 11. Rb1 Bg7 12. Nfd2 f5 13. Ng3 Nd7 14. Nc4 Ne5 15. Nxe5 Bxe5 16. f4 Bd4+ 17. Kh1 b6 18. Ne2 Bg7 19. Ng1 Qf6 20. Nf3 h6 21. Bb5 Rb8 22. Re1 a6 23. Bc6 b5 24. a4 b4 25. Rb3 g5 26. fxg5 hxg5 27. Rbe3 g4 28. Nd2 f4 29. Re6 Bxe6 30. dxe6 Qe7 31. Qxg4 Rf6 32. Nf3 Rbf8 33. Nh4 a5 34. Ng6 Rxg6 35. Qxg6 c4 36. Be4 Rf6 37. Qg4 Kf8 38. Bd5 c3 39. Qf3 Rg6 40. Bc6 Be5 41. Bd7 Rf6 42. Qh3 Qg7 43. Qf3 Ke7 44. Qa8 Rh6 45. Qe8+ Kf6 46. Qd8+ Qe7 47. Qa8 Bd4 48. Qe4 Be5 49. Rf1 Qg7 50. Rxf4+ Bxf4 51. Qxf4+ Ke7 52. Qe3 b3 53. cxb3 {Nur} 0-1

[Event "2.Open B Città di Padova Elo <1900"]
[Site "Padova Caffè Pedrocchi"]
[Date "1999.12.12"]
[Round "3.9"]
[White "Radulescu, Gheorghe"]
[Black "Tinnirello, Mario"]
[Result "1-0"]
[WhiteElo "1845"]
[BlackElo "1552"]
[Annotator "Gabriele Ballarin"]
[PlyCount "47"]
[EventDate "1999.12.11"]
[EventType "swiss"]
[EventRounds "6"]
[EventCountry "ITA"]
[SourceTitle "Ballarin Gabriele"]
[Source "Ballarin Gabrie"]
[SourceDate "2001.01.01"]
[SourceVersion "1"]
[SourceVersionDate "2001.01.01"]
[SourceQuality "1"]

1. d4 Nf6 2. c4 c5 3. Nf3 e6 4. Nc3 g6 5. e4 cxd4 6. Nxd4 d6 7. Bg5 a6 8. Be2 Bg7 9. Qd2 O-O 10. O-O Qc7 11. Rac1 Nc6 12. Nxc6 bxc6 13. Rfd1 Rb8 14. b3 Ne8 15. Bh6 Bb7 16. Bxg7 Kxg7 17. Qg5 h6 18. Qg3 Rc8 19. h4 d5 20. e5 Qe7 21. Bd3 Kh7 22. Ne2 Ng7 23. Nf4 Rg8 24. Nxg6 1-0

[Event "2.Open B Città di Padova Elo <1900"]
[Site "Padova Caffè Pedrocchi"]
[Date "1999.12.12"]
[Round "3.10"]
[White "Consolo, Arturo"]
[Black "Opacic, Alexandar"]
[Result "1-0"]
[WhiteElo "1588"]
[BlackElo "1759"]
[Annotator "Gabriele Ballarin"]
[PlyCount "75"]
[EventDate "1999.12.11"]
[EventType "swiss"]
[EventRounds "6"]
[EventCountry "ITA"]
[SourceTitle "Ballarin Gabriele"]
[Source "Ballarin Gabrie"]
[SourceDate "2001.01.01"]
[SourceVersion "1"]
[SourceVersionDate "2001.01.01"]
[SourceQuality "1"]

{[%evp 0,75,18,8,8,-4,11,-7,54,15,17,30,11,32,20,6,21,-8,57,91,91,4,41,48,48,18,23,19,34,31,24,15,15,-48,22,-69,-16,-159,22,-32,27,-108,-43,-267,-137,-96,-118,-112,-88,-88,-57,-69,23,33,87,92,87,93,67,75,75,-46,-39,-64,-27,-16,-9,-141,-128,-117,-110,-111,-106,-113,-89,-95,0,-109]} 1. e4 e5 2. Bc4 Nf6 3. d3 d5 4. exd5 Nxd5 5. Nf3 Nc6 6. O-O Be7 7. h3 O-O 8. Nbd2 f5 9. Re1 Bf6 10. Nb3 Kh8 11. Ng5 Qd6 12. Qh5 Bxg5 13. Bxg5 Bd7 14. Nd2 Be8 15. Qf3 Nb6 16. c3 Bg6 17. b4 Rae8 18. Be3 Nd7 19. Nb3 b6 20. a4 e4 21. dxe4 Nce5 22. Qe2 Nxc4 23. Rad1 Qe6 24. exf5 Bxf5 25. Nd4 Qf7 26. Nxf5 Nxe3 27. Nxe3 Nf6 28. Qf3 Qb3 29. Qc6 Ne4 30. Rf1 Nxc3 31. Rd7 Ne2+ 32. Kh2 Qxb4 33. Qxc7 Rxe3 34. Rxg7 Qf4+ 35. Qxf4 Rxf4 36. Rxa7 Re6 37. Rd1 Ref6 38. f3 {Nur} 1-0

[Event "2.Open B Città di Padova Elo <1900"]
[Site "Padova Caffè Pedrocchi"]
[Date "1999.12.12"]
[Round "3.11"]
[White "Viaggi, Stefano"]
[Black "Troise, Salvatore"]
[Result "1-0"]
[WhiteElo "1716"]
[BlackElo "1591"]
[Annotator "Gabriele Ballarin"]
[PlyCount "77"]
[EventDate "1999.12.11"]
[EventType "swiss"]
[EventRounds "6"]
[EventCountry "ITA"]
[SourceTitle "Ballarin Gabriele"]
[Source "Ballarin Gabrie"]
[SourceDate "2001.01.01"]
[SourceVersion "1"]
[SourceVersionDate "2001.01.01"]
[SourceQuality "1"]

1. d4 d5 2. Nf3 e6 3. Bf4 f5 4. Nbd2 Nf6 5. e3 Bd6 6. Ne5 O-O 7. Bd3 Nbd7 8. c3 Ne4 9. f3 Nxd2 10. Qxd2 Nxe5 11. dxe5 Be7 12. O-O-O c5 13. g4 c4 14. Bb1 g5 15. Bg3 fxg4 16. Qc2 Rf7 17. fxg4 Qf8 18. Rhf1 Qg7 19. Qe2 Rxf1 20. Rxf1 Bd7 21. h3 b5 22. e4 d4 23. cxd4 b4 24. b3 cxb3 25. axb3 Rc8+ 26. Kb2 Rc3 27. Rf3 Rxf3 28. Qxf3 Qf7 29. Qxf7+ Kxf7 30. Bd3 Bc6 31. Kc2 a5 32. Kd2 h6 33. Ke3 Ke8 34. Bc4 Kd7 35. d5 Bc5+ 36. Kd3 exd5 37. exd5 Bb7 38. e6+ Ke7 39. Bc7 1-0

[Event "2.Open B Città di Padova Elo <1900"]
[Site "Padova Caffè Pedrocchi"]
[Date "1999.12.12"]
[Round "3.12"]
[White "Perryman, Marcus"]
[Black "De Napoli, Giuseppe"]
[Result "1-0"]
[WhiteElo "1648"]
[BlackElo "1678"]
[Annotator "Gabriele Ballarin"]
[PlyCount "85"]
[EventDate "1999.12.11"]
[EventType "swiss"]
[EventRounds "6"]
[EventCountry "ITA"]
[SourceTitle "Ballarin Gabriele"]
[Source "Ballarin Gabrie"]
[SourceDate "2001.01.01"]
[SourceVersion "1"]
[SourceVersionDate "2001.01.01"]
[SourceQuality "1"]

1. e4 d6 2. Nf3 g6 3. d4 Bg7 4. Nc3 Nf6 5. Be2 O-O 6. O-O Nc6 7. h3 e5 8. dxe5 dxe5 9. Qxd8 Rxd8 10. Bg5 Re8 11. Bxf6 Bxf6 12. Nd5 Bd8 13. Rfd1 Nb8 14. Ne3 c6 15. Nxe5 Bf6 16. N3g4 Bg7 17. Bc4 Bxg4 18. Nxg4 h5 19. Nh2 Rxe4 20. Rd8+ Bf8 21. Bb3 Kg7 22. Nf3 Bc5 23. Kf1 Bb6 24. Rc8 Re7 25. Re1 Rd7 26. Ree8 Bc7 27. Ng5 a5 28. Bxf7 Rxf7 29. Ne6+ Kf6 30. Nxc7 Ra7 31. Re3 Rh7 32. Rf8+ Kg5 33. Ne6+ Kh6 34. Rxb8 Ra6 35. g4 g5 36. Rf8 Kg6 37. Rf5 hxg4 38. hxg4 Rh4 39. Rxg5+ Kf6 40. Rf5+ Kg6 41. Nf4+ Kg7 42. Re7+ Kh6 43. g5# 1-0

[Event "2.Open B Città di Padova Elo <1900"]
[Site "Padova Caffè Pedrocchi"]
[Date "1999.12.12"]
[Round "3.13"]
[White "Cecchetto, Vanni"]
[Black "Rigo, Gianfrancesco"]
[Result "1-0"]
[WhiteElo "1594"]
[BlackElo "1873"]
[Annotator "Gabriele Ballarin"]
[PlyCount "111"]
[EventDate "1999.12.11"]
[EventType "swiss"]
[EventRounds "6"]
[EventCountry "ITA"]
[SourceTitle "Ballarin Gabriele"]
[Source "Ballarin Gabrie"]
[SourceDate "2001.01.01"]
[SourceVersion "1"]
[SourceVersionDate "2001.01.01"]
[SourceQuality "1"]

1. e4 g6 2. d4 Bg7 3. c4 d6 4. Nc3 Nc6 5. Be3 e5 6. d5 Nce7 7. Bd3 f5 8. f3 Nf6 9. Nge2 f4 10. Bf2 g5 11. c5 O-O 12. cxd6 cxd6 13. Qa4 a6 14. Qa3 Ng6 15. Na4 Rf7 16. Nb6 Rb8 17. Rc1 Bf8 18. O-O g4 19. Rc2 gxf3 20. gxf3 Bh3 21. Rfc1 Nh4 22. Bxh4 Qxb6+ 23. Kh1 Rg7 24. Ng1 Rxg1+ 25. Rxg1+ Kf7 26. Bf2 Qd8 27. Rgc1 Ne8 28. Bf1 Bd7 29. Qb4 b5 30. Qe1 Qg5 31. Bg2 Be7 32. Qa5 b4 33. Qxa6 b3 34. Qa7 Rb4 35. axb3 Nf6 36. Rc3 h5 37. Rg1 Qh6 38. Bh4 Bb5 39. Qa5 Nxe4 40. fxe4 Bxh4 41. Qxb4 Be2 42. Qb7+ Be7 43. Qd7 Bg4 44. Qa7 Qf6 45. Rf1 Kg6 46. Qf2 h4 47. Bh3 Bh5 48. Bg2 Kh6 49. Bf3 Be8 50. Qg2 Bd7 51. Bg4 Bb5 52. Rg1 Bd8 53. Bf5 Be8 54. Rc8 Bb6 55. Rxe8 Bxg1 56. Rh8+ 1-0

[Event "2.Open B Città di Padova Elo <1900"]
[Site "Padova Caffè Pedrocchi"]
[Date "1999.12.12"]
[Round "3.14"]
[White "Zotti, Enrico"]
[Black "Pomaro, Stefano"]
[Result "1/2-1/2"]
[WhiteElo "1839"]
[BlackElo "1611"]
[Annotator "Gabriele Ballarin"]
[PlyCount "71"]
[EventDate "1999.12.11"]
[EventType "swiss"]
[EventRounds "6"]
[EventCountry "ITA"]
[SourceTitle "Ballarin Gabriele"]
[Source "Ballarin Gabrie"]
[SourceDate "2001.01.01"]
[SourceVersion "1"]
[SourceVersionDate "2001.01.01"]
[SourceQuality "1"]

1. e4 c6 2. d4 d5 3. Nc3 dxe4 4. Nxe4 Nf6 5. Nxf6+ gxf6 6. Nf3 Bf5 7. Bd3 Rg8 8. g3 Nd7 9. O-O Bg6 10. Re1 e6 11. Bf4 Qb6 12. Rb1 O-O-O 13. Bxg6 hxg6 14. Qe2 g5 15. Be3 Qc7 16. b4 Bd6 17. c4 Bf4 18. d5 Bxe3 19. Qxe3 exd5 20. cxd5 g4 21. Nd4 Ne5 22. f4 gxf3 23. Nxf3 Rxd5 24. Nxe5 Rxe5 25. Qxa7 Kd7 26. Rxe5 fxe5 27. Rf1 Ke6 28. Qc5 Qd7 29. a4 Qd4+ 30. Qxd4 exd4 31. Rf4 Rd8 32. Kf1 b6 33. h4 c5 34. bxc5 bxc5 35. g4 Ra8 36. Ke2 1/2-1/2

[Event "2.Open B Città di Padova Elo <1900"]
[Site "Padova Caffè Pedrocchi"]
[Date "1999.12.12"]
[Round "3.15"]
[White "Abuhamdieh, Arafat"]
[Black "Gennari, Leone"]
[Result "0-1"]
[WhiteElo "1495"]
[BlackElo "1777"]
[Annotator "Gabriele Ballarin"]
[PlyCount "118"]
[EventDate "1999.12.11"]
[EventType "swiss"]
[EventRounds "6"]
[EventCountry "ITA"]
[SourceTitle "Ballarin Gabriele"]
[Source "Ballarin Gabrie"]
[SourceDate "2001.01.01"]
[SourceVersion "1"]
[SourceVersionDate "2001.01.01"]
[SourceQuality "1"]

1. e4 e6 2. Nf3 d5 3. exd5 exd5 4. d4 Bd6 5. Bd3 Ne7 6. Bg5 f6 7. Bd2 O-O 8. Nc3 c6 9. Ne2 Bf5 10. Bxf5 Nxf5 11. c3 Nd7 12. Qc2 Ne7 13. Nf4 Bxf4 14. Bxf4 Ng6 15. Be3 Qc7 16. g3 Rae8 17. O-O-O b5 18. h4 Nb6 19. h5 Ne7 20. Bf4 Qd7 21. Rde1 Nec8 22. Rxe8 Rxe8 23. b3 Re6 24. Nh4 Qe8 25. Be3 Nd6 26. Nf5 Nxf5 27. Qxf5 a5 28. g4 a4 29. g5 axb3 30. axb3 Nc8 31. gxf6 Rxf6 32. Qg4 Qe6 33. Qg3 Nd6 34. Qe5 Ne4 35. Qxe6+ Rxe6 36. Kc2 Rf6 37. f4 Rf5 38. h6 g6 39. Ra1 Rf8 40. Ra7 Nd6 41. Rc7 Rc8 42. Rg7+ Kh8 43. Rd7 Nf5 44. Bf2 Nxh6 45. Bh4 Nf5 46. Bf6+ Kg8 47. Kd3 h5 48. Ke2 h4 49. Ra7 Re8+ 50. Be5 Re7 51. Ra8+ Kf7 52. Rh8 Re8 53. Rh7+ Ke6 54. Kf3 Ra8 55. Rc7 Ne7 56. Kg4 Ra3 57. Kxh4 Rxb3 58. Ra7 Rxc3 59. Kg5 Nf5 0-1

[Event "2.Open B Città di Padova Elo <1900"]
[Site "Padova Caffè Pedrocchi"]
[Date "1980.12.12"]
[Round "3.16"]
[White "Giancotti, Eraldo"]
[Black "Broccardo, Nicola"]
[Result "1-0"]
[WhiteElo "1760"]
[BlackElo "1579"]
[Annotator "Gabriele Ballarin"]
[PlyCount "117"]
[EventDate "1999.12.11"]
[EventType "swiss"]
[EventRounds "6"]
[EventCountry "ITA"]
[SourceTitle "Ballarin Gabriele"]
[Source "Ballarin Gabrie"]
[SourceDate "2001.01.01"]
[SourceVersion "1"]
[SourceVersionDate "2001.01.01"]
[SourceQuality "1"]

1. d4 Nf6 2. e3 e6 3. Bd3 b6 4. f4 Bb7 5. Nf3 c5 6. O-O Nc6 7. c3 Qc7 8. a4 Be7 9. Na3 a6 10. Nc4 O-O 11. Ng5 b5 12. Nd2 h6 13. Nh3 c4 14. Bc2 Nd5 15. Qe2 f5 16. e4 fxe4 17. Nxe4 Nf6 18. Nxf6+ Bxf6 19. Qe4 Ne7 20. Qh7+ Kf7 21. Ng5+ Ke8 22. Bd2 Nf5 23. Qg6+ Ke7 24. Bxf5 hxg5 25. fxg5 exf5 26. gxf6+ gxf6 27. Rae1+ Be4 28. Rxf5 Qc6 29. d5 Qc5+ 30. Kh1 Rae8 31. Rxe4+ Kd8 32. Rxe8+ Rxe8 33. Qxf6+ Kc7 34. d6+ Qxd6 35. Qxd6+ Kxd6 36. h4 Re2 37. Bf4+ Ke6 38. Rc5 Rxb2 39. axb5 axb5 40. h5 d5 41. h6 Ra2 42. h7 Ra8 43. Rxb5 Rh8 44. Rb7 Kf5 45. Be3 Kg6 46. Bd4 Rxh7+ 47. Rxh7 Kxh7 48. g4 Kh6 49. Kg2 Kg6 50. Kf3 Kg5 51. Be5 Kg6 52. Kf4 Kf7 53. Bd4 Kg6 54. g5 Kf7 55. Kf5 Ke7 56. g6 Kf8 57. Ke6 Kg8 58. g7 Kh7 59. Kf7 1-0

[Event "2.Open B Città di Padova Elo <1900"]
[Site "Padova Caffè Pedrocchi"]
[Date "1999.12.12"]
[Round "3.17"]
[White "Salata, Alessio"]
[Black "Marigo, Narciso"]
[Result "0-1"]
[WhiteElo "1558"]
[BlackElo "1735"]
[Annotator "Gabriele Ballarin"]
[PlyCount "74"]
[EventDate "1999.12.11"]
[EventType "swiss"]
[EventRounds "6"]
[EventCountry "ITA"]
[SourceTitle "Ballarin Gabriele"]
[Source "Ballarin Gabrie"]
[SourceDate "2001.01.01"]
[SourceVersion "1"]
[SourceVersionDate "2001.01.01"]
[SourceQuality "1"]

1. d4 Nc6 2. e3 d6 3. Nf3 Bd7 4. c3 e5 5. e4 h6 6. Be2 Nf6 7. d5 Ne7 8. Nbd2 Ng6 9. O-O Be7 10. h3 O-O 11. Re1 Nh7 12. Nf1 Ng5 13. Nxg5 Bxg5 14. Bxg5 Qxg5 15. Ng3 Nf4 16. Bf1 h5 17. Kh2 h4 18. Ne2 f5 19. Qd2 fxe4 20. Qe3 Qg6 21. Nxf4 Rxf4 22. Rad1 Raf8 23. Rd2 Qf6 24. Kg1 b6 25. c4 a5 26. Ree2 Qg6 27. Kh2 R8f5 28. Re1 Rg5 29. Rde2 Qf6 30. Kg1 Bf5 31. Kh2 Rg6 32. g4 hxg3+ 33. fxg3 Rf3 34. Qg1 Qg5 35. Re3 Rh6 36. Rxf3 exf3 37. h4 Rxh4+ 0-1